| 000 | 01748nam a2200553 i 4500 | ||
|---|---|---|---|
| 001 | 37337 | ||
| 003 | KOSZ 005 | ||
| 005 | 20200508122508.0 | ||
| 008 | 011026s2000 pl a f |000 0 pol | ||
| 015 | _aUWD 2002/2354 | ||
| 020 | _a8321341403 | ||
| 035 | _a991017643299705066 | ||
| 035 | _a(PL-WaBN)b14772395-48omnis_nlop | ||
| 035 | _ab14772395 | ||
| 035 | _a(OCoLC)750561127 | ||
| 035 | _a(PL)b0000001477239 | ||
| 035 | _a(EXLNZ-48OMNIS_NETWORK)9910293468505606 | ||
| 040 |
_aWA N _cWA N _dKOSZ 005/HR |
||
| 041 | 0 | _apol | |
| 046 | _k2000 | ||
| 080 | _a624.01/.07:531 | ||
| 080 | _a624.131 | ||
| 080 | _a620.17 | ||
| 080 | _a(07) | ||
| 100 | 1 |
_aMasłowski, Eugeniusz _d(1917-2009) _eAutor |
|
| 245 | 1 | 0 |
_aWzmacnianie konstrukcji budowlanych / _cEugeniusz Masłowski, Danuta Spiżewska. |
| 250 | _aWyd. 3 zm. | ||
| 260 |
_aWarszawa : _b"Arkady", _c2000. |
||
| 300 |
_a358, [1] s. : _bil. ; _c25 cm. |
||
| 336 |
_aTekst _btxt _2rdacontent |
||
| 337 |
_aBez urządzenia pośredniczącego _bn _2rdamedia |
||
| 338 |
_aWolumin _bnc _2rdacarrier |
||
| 380 | _aKsiążki | ||
| 380 | _aPublikacje dydaktyczne | ||
| 385 |
_mPoziom nauczania _aSzkoły wyższe |
||
| 388 | _a1901-2000 | ||
| 388 | _a1945-1989 | ||
| 504 | _aBibliogr. | ||
| 650 | 7 |
_aMechanika budowli _2DBN |
|
| 650 | 7 |
_aMechanika gruntów _2DBN |
|
| 650 | 7 |
_aWytrzymałość materiałów _2DBN |
|
| 655 | 7 |
_aPodręcznik _2DBN |
|
| 658 | _aArchitektura i budownictwo | ||
| 700 | 1 |
_aSpiżewska, Danuta _eAutor |
|
| 710 | 2 |
_aWydawnictwo Arkady _4pbl |
|
| 856 |
_uhttp://koha.tu.koszalin.pl/cgi-bin/koha/opac-detail.pl?biblionumber=37337 _zKatalog online BPK |
||
| 942 |
_2UKD _cKS |
||
| 999 |
_c37337 _d37337 |
||